Teatro argentino contemporáneo (Record no. 8783)

MARC details
000 -LEADER
campo de control de longitud fija 01726nmc a2200517 a 4500
003 - IDENTIFICADOR DE NÚMERO DE CONTROL
campo de control AR-BaBNM
005 - FECHA Y HORA DE LA ÚLTIMA TRANSACCIÓN
campo de control 20251128204757.0
008 - DATOS DE LONGITUD FIJA--INFORMACIÓN GENERAL
campo de control de longitud fija 215119s1992 ||||||||||||||000 | spa||
020 ## - NÚMERO INTERNACIONAL ESTÁNDAR DEL LIBRO
Número Internacional Estándar del Libro 84-375-0324-8
040 ## - FUENTE DE CATALOGACIÓN
Centro/agencia transcriptor AR-BaBNM
245 10 - MENCIÓN DEL TÍTULO
Título Teatro argentino contemporáneo
Resto del título antología
250 ## - MENCION DE EDICION
Mención de edición 1ª ed.
260 ## - PUBLICACIÓN, DISTRIBUCIÓN, ETC.
Lugar de publicación, distribución, etc. Madrid
Nombre del editor, distribuidor, etc. Fondo de Cultura Económica
-- Centro de documentación teatral
-- Sociedad estatal Quinto Centenario
Fecha de publicación, distribución, etc. 1992
300 0# - DESCRIPCIÓN FÍSICA
Extensión 1205 p.
490 #0 - MENCIÓN DE SERIE
Mención de serie Antologías
500 0# - NOTA GENERAL
Nota general Contiene El pan de la locura - El campo - El Herrero y el Diablo - Heroica Buenos Aires - El reñidero - El Nuevo Mundo - Chúmbale - La nona- Potestad - Réquiem para un viernes a la noche - Príncipe azul - Primaveras - Knepp - Una pasión sudamericana - Per
500 0# - NOTA GENERAL
Nota general Indice general
500 0# - NOTA GENERAL
Nota general Indice de las obras
500 0# - NOTA GENERAL
Nota general Estudio preliminar
500 0# - NOTA GENERAL
Nota general Glosario: p. 1197-1205
500 0# - NOTA GENERAL
Nota general Contiene datos biográficos de los autores y su producción
650 #4 - PUNTO DE ACCESO ADICIONAL DE MATERIA--TÉRMINO DE MATERIA
Término de materia o nombre geográfico como elemento de entrada LITERATURA ARGENTINA
650 #4 - PUNTO DE ACCESO ADICIONAL DE MATERIA--TÉRMINO DE MATERIA
Término de materia o nombre geográfico como elemento de entrada TEATRO
650 #4 - PUNTO DE ACCESO ADICIONAL DE MATERIA--TÉRMINO DE MATERIA
Término de materia o nombre geográfico como elemento de entrada PSICOANALISIS
650 #4 - PUNTO DE ACCESO ADICIONAL DE MATERIA--TÉRMINO DE MATERIA
Término de materia o nombre geográfico como elemento de entrada SIGLO VEINTE
650 #4 - PUNTO DE ACCESO ADICIONAL DE MATERIA--TÉRMINO DE MATERIA
Término de materia o nombre geográfico como elemento de entrada TEATRO POPULAR
650 #4 - PUNTO DE ACCESO ADICIONAL DE MATERIA--TÉRMINO DE MATERIA
Término de materia o nombre geográfico como elemento de entrada PRODUCCION TEATRAL
650 #4 - PUNTO DE ACCESO ADICIONAL DE MATERIA--TÉRMINO DE MATERIA
Término de materia o nombre geográfico como elemento de entrada VIDA TEATRAL
650 #4 - PUNTO DE ACCESO ADICIONAL DE MATERIA--TÉRMINO DE MATERIA
Término de materia o nombre geográfico como elemento de entrada ANTOLOGIAS
650 #4 - PUNTO DE ACCESO ADICIONAL DE MATERIA--TÉRMINO DE MATERIA
Término de materia o nombre geográfico como elemento de entrada HISTORIA CULTURAL
653 #0 - TÉRMINO DE INDIZACIÓN--NO CONTROLADO
Término no controlado GROTESCO
655 ## - TERMINO DE INDIZACIÓN--GENERO/FORMA
Datos o término principal de género/forma LITERATURA
700 1# - ENTRADA AGREGADA--NOMBRE PERSONAL
Nombre de persona Gorostiza, Carlos
700 1# - ENTRADA AGREGADA--NOMBRE PERSONAL
Nombre de persona Gambaro, Griselda
700 1# - ENTRADA AGREGADA--NOMBRE PERSONAL
Nombre de persona Gené, Juan Carlos
700 1# - ENTRADA AGREGADA--NOMBRE PERSONAL
Nombre de persona Dragún, Osvaldo
700 1# - ENTRADA AGREGADA--NOMBRE PERSONAL
Nombre de persona De Cecco, Sergio
700 1# - ENTRADA AGREGADA--NOMBRE PERSONAL
Nombre de persona Somigliana, Carlos
700 1# - ENTRADA AGREGADA--NOMBRE PERSONAL
Nombre de persona Cossa, Roberto M.
700 1# - ENTRADA AGREGADA--NOMBRE PERSONAL
Nombre de persona Rozenmacher, Germán
700 1# - ENTRADA AGREGADA--NOMBRE PERSONAL
Nombre de persona Bortnik, Aída
700 1# - ENTRADA AGREGADA--NOMBRE PERSONAL
Nombre de persona Monti, Ricardo
800 1# - PUNTO DE ACCESO ADICIONAL DE SERIE--NOMBRE DE PERSONA
Nombre de persona Pérez Coterillo, Moisés
Término indicativo de función/relación director
942 ## - ELEMENTOS DE ENTRADA SECUNDARIOS (KOHA)
Tipo de ítem Koha Libros
998 ## - INFORMACIÓN DE CONTROL LOCAL (RLIN)
Iniciales del catalogador, CIN (RLIN) isola
Holdings
Estatus retirado Estado de pérdida Fuente de la clasificación o esquema de estantería Estado de daño Restricciones de uso No para préstamo Biblioteca de origen Biblioteca actual Fecha de adquisición Total de préstamos Signatura topográfica completa Código de barras Visto por última vez Precio de reemplazo Tipo de ítem Koha
    Clasificación Decimal Dewey   Acceso restringido No para préstamo Liberty Liberty 28/11/2025   860[82]-2 GOR 098525 28/11/2025 28/11/2025 Libros
    Clasificación Decimal Dewey   Acceso restringido No para préstamo Liberty Liberty 28/11/2025   860[82]-2 GOR 098526 28/11/2025 28/11/2025 Libros